| 000 | 00997nas a2200265Ia 4500 | ||
|---|---|---|---|
| 001 | R707/F2503 | ||
| 003 | IT-RoPAU | ||
| 008 | 151124c99999999xx |||||||||||| ||und|| | ||
| 040 | _aIT-RoPAU | ||
| 040 | _cIT-RoPAU | ||
| 041 | _aTEDESCO | ||
| 100 |
_aWarnke Martin _gCodice Aut. SPICS: 51022 |
||
| 210 | _aZEITSCHRIFT FUR SEMIOTIK | ||
| 222 | _aZeitschrift Fur Semiotik | ||
| 245 |
_aZEITSCHRIFT FUR SEMIOTIK, VOL. 20-N.1/2 (1998) _b"Et Mundus, Hoc Est Homo". Von Einer Sehr Alten, Nun Wieder Virtuellen Weltkarte |
||
| 250 | _a1a ed. | ||
| 260 |
_aTUBINGEN _bSTAUFFENBURG VERLAG _c1998 |
||
| 501 |
_bPaulus - SPICS - Società San Paolo EM (non-commercial uses only) _cCopyright2015 |
||
| 300 | _a14 p. [119-132] | ||
| 310 | _aTRIMESTRALE | ||
| 362 | _aVOL. 20, N.1/2 (1998) | ||
| 500 | _aAnalisi di una Mappa dell'Alto Medio Evo: Origini, Contenuto, Struttura, Modo di Vedere il Mondo. Rapporto con i Media Digitali. | ||
| 650 |
_aSEMIOTICA _vPUBBLICAZIONE PERIODICA |
||
| 942 | _cCR | ||
| 999 |
_c181574 _d181574 |
||